Datum a čas kvízu
33
Celkem bodů
Celkový počet nahraných bodů na tomto kvízu bez doplňovacích otázek.
12.
Pořadí na kvízu
Konečné umístění týmu na tomto kvízu.
Zaznamenané odpovědi
| # | Otázka | Odpověď | Body | Výsledky |
|---|---|---|---|---|
| 1. | V pondělí jsme se dozvěděli, ž... | nedodržení bezpečné vzdálenosti | 1 | |
| 2. | Zaměstnanec letiště Johna F. K... | C) živá kočka | 1 | |
| 3. | Jistá česká herečka má oficiál... | Simona Stašová | 0 | |
| 4. | V pondělí, po pěti dnech letu,... | Orion | 1 | |
| 5. | Ve dvou úvodních zápasech kter... | Polsko | 1 | |
| 6. | V následujících pěti otázkách... | bar, torr, atmosféra / pascal | 1 | |
| 7. | Která z následujících jednotek... | B | 1 | |
| 8. | Jaký odpor v ohmech má spotřeb... | 20 Ω | 1 | |
| 9. | Přiřaďte tyto jednotky k přísl... | 1B 2A 3C 4D | 0 | |
| 10. | Uzel je jednotka rychlosti pou... | B | 1 |